Clinical Teaching, Past and Present / Volume 21, No. 1/4 1987-1988 (Record no. 2197)

000 -LEADER
fixed length control field 00583nam a22002057a 4500
005 - DATE AND TIME OF LATEST TRANSACTION
control field 20210427063049.0
008 - FIXED-LENGTH DATA ELEMENTS--GENERAL INFORMATION
fixed length control field 210312s1989 ||||| |||| 00| 0 eng d
022 ## - INTERNATIONAL STANDARD SERIAL NUMBER
International Standard Serial Number 0366676X
040 ## - CATALOGING SOURCE
Original cataloging agency eng
Transcribing agency DLC
041 ## - LANGUAGE CODE
Language code of text/sound track or separate title eng
-- ger
082 ## - DEWEY DECIMAL CLASSIFICATION NUMBER
Classification number 61
Item number B-53
110 ## - MAIN ENTRY--CORPORATE NAME
9 (RLIN) 1401
Corporate name or jurisdiction name as entry element Clio Medica
245 ## - TITLE STATEMENT
Title Clinical Teaching, Past and Present / Volume 21, No. 1/4 1987-1988
Statement of responsibility, etc. / by: Clio Medica
260 ## - PUBLICATION, DISTRIBUTION, ETC.
Place of publication, distribution, etc. Amsterdam - Atlanta
Name of publisher, distributor, etc. Clio Medica
Date of publication, distribution, etc. 1989
300 ## - PHYSICAL DESCRIPTION
Extent 212 p.
650 #0 - SUBJECT ADDED ENTRY--TOPICAL TERM
9 (RLIN) 69
Topical term or geographic name entry element Medicine
700 ## - ADDED ENTRY--PERSONAL NAME
9 (RLIN) 1402
Personal name Beukers, H.
Relator term Editor
700 ## - ADDED ENTRY--PERSONAL NAME
9 (RLIN) 1403
Personal name Moll, J.
Relator term Editor
942 ## - ADDED ENTRY ELEMENTS (KOHA)
Source of classification or shelving scheme
Koha item type periodicals
Holdings
Withdrawn status Lost status Source of classification or shelving scheme Damaged status Not for loan Permanent location Current location Date acquired Inventory number Total Checkouts Full call number Barcode Date last seen Price effective from Koha item type
          Ken Walker International University Ken Walker International University 03/12/2021 538   61 B-53 538 03/12/2021 03/12/2021 periodicals

Powered by Koha